000 00655nam a2200253Ia 4500
003 OSt
005 20220918192249.0
006 a|||||r|||| 00| 0
007 ta
008 220917b |||||||| |||| 00| 0 eng d
024 _a67,712
037 _cTextual
040 _aARTS
_cARTS
_beng
041 _2eng
_aeng
082 _aR3xM44:g(S:5), M1
100 _aSilk M S
_918145
245 0 _aNietzche on tragedy
260 _aCambridge
_bCUP
_c1981
300 _ax,441p.
_ccm.
500 _aBib 429-31p
700 _a Stern J P
_977655
942 _hR3xM44:g(S:5), M1
_cTEXL
_2CC
999 _c193945
_d193945